| 000 | 00692nam a2200265Ia 4500 | ||
|---|---|---|---|
| 005 | 20260302115642.0 | ||
| 008 | 008 260114s9999 xx 000 0 eng d | ||
| 020 | _a9798216024705 | ||
| 037 | _aTextbook | ||
| 040 | _aCRL | ||
| 040 | _beng | ||
| 040 | _cCRL | ||
| 041 | _2eng | ||
| 041 | _aeng | ||
| 084 | _qCRL | ||
| 100 |
_aD. Keith Peacock _91122242 |
||
| 245 | 0 | _aThatcher's Theatre British Theatre and Drama in the Eighties | |
| 260 | _bBloomsbury | ||
| 260 | _bPraeger | ||
| 260 | _c1999 | ||
| 650 | _aLiterary Studies | ||
| 856 | _uhttps://doi.org/10.5040/9798216024705?locatt=label:secondary_bloomsburyCollections | ||
| 942 | _cEBOOK | ||
| 999 |
_c1686999 _d1686999 |
||